000
00294nam a2200133Ia 4500
100
_a
None
650
_a
Fitter
942
_c
BK
654
_a
Fitter unsolved papers
245
_a
Fitter unsolved papers with syllabur
260
_b
New Heights
_a
Delhi
082
_a
621.902
546
_a
ENGLISH
999
_c
35664
_d
35664